| 000 | 00809nam0a22002651 4500 | ||
|---|---|---|---|
| 001 | rc\216325 | ||
| 005 | 20250620234928.0 | ||
| 010 |
_a5-7841-0544-2 _920000 |
||
| 035 | _a(NLR Aleph) 005464926 | ||
| 090 |
_a4991061 _c4991061 |
||
| 100 | _a20030307d1997 |||y0rusy50 ca | ||
| 101 | 0 | _arus | |
| 102 | _aRU | ||
| 105 | _ay ||||||||| | ||
| 200 | 1 |
_aТщеславие _eРоман _fДжейн Фэйзер _g[Пер. с англ.: С.В. Соколовой, А.А. Соколова] |
|
| 210 |
_aМ. _cАСТ _d1997 |
||
| 215 |
_a478 с. _d21 |
||
| 225 | 1 | _aСерия "Шарм" | |
| 300 | _aЗагл. и авт. ориг.: Vanity / Jane Feather | ||
| 700 | 1 |
_aФэйзер _bД. _gДжейн |
|
| 801 | 0 |
_aRU _bNLR _gpsbo |
|
| 801 | 1 |
_aRU _bELAR _2rusmarc |
|
| 852 |
_aNLR _j97-3/7768 |
||
| 942 | _cBOOK | ||
| 980 | _aNB | ||